[Event "IND-ch Challengers (Women) 43rd"]
[Site "Chennai"]
[Date "2016.06.25"]
[Round "11"]
[White "Poorna, Sri MK"]
[Black "Saughanthika, AS."]
[Result "0-1"]
[WhiteElo "1420"]
[BlackElo "1590"]
[PlyCount "42"]
[EventDate "2016.06.17"]
[EventType "swiss"]
[EventRounds "11"]
[EventCountry "IND"]
[SourceTitle "CBM 173 Extra"]
[Source "ChessBase"]
[SourceDate "2016.08.29"]
[SourceVersion "1"]
[SourceVersionDate "2016.08.29"]
[SourceQuality "1"]

1. e4 e5 2. Nf3 Nc6 3. Bb5 a6 4. Ba4 Nf6 5. 0-0 Be7 6. Re1 b5 7. Bb3 0-0 8. h3 Bb7 9. c3 d5 10. exd5 Nxd5 11. Nxe5 Nxe5 12. Rxe5 Nf4 13. f3 Bd6 14. Re3 Qg5 15. Qf1 Nxh3+ 16. Kh1 Qf4 17. g3 Qxg3 18. Qg2 Qh4 19. Bc2 Bg3 20. Be4 Nf4+ 21. Kg1 Nxg2 0-1

[Event "Asia-ch U14 Girls"]
[Site "Sari"]
[Date "2013.06.26"]
[Round "9"]
[White "Nguyen, Thi Minh Oanh"]
[Black "Saughanthika, AS."]
[Result "1-0"]
[WhiteElo "1804"]
[BlackElo "1622"]
[PlyCount "115"]
[EventDate "2013.06.21"]
[EventType "swiss"]
[EventRounds "9"]
[EventCountry "IRI"]
[SourceTitle "EXT 2015"]
[Source "ChessBase"]
[SourceDate "2014.11.20"]
[SourceVersion "1"]
[SourceVersionDate "2014.11.20"]
[SourceQuality "1"]

1. d4 Nf6 2. Bg5 g6 3. Bxf6 exf6 4. Nf3 Bg7 5. e3 0-0 6. Bd3 d5 7. c4 c6 8. Nc3 dxc4 9. Bxc4 Nd7 10. 0-0 Nb6 11. Bd3 f5 12. Qc2 Be6 13. Rfd1 Qd6 14. Rac1 Rad8 15. a3 Rfe8 16. Kh1 Nd5 17. Na4 Bc8 18. Qc5 Qb8 19. Qc2 f4 20. e4 Nb6 21. Nxb6 axb6 22. Bc4 b5 23. Bb3 Bg4 24. d5 Bxf3 25. gxf3 cxd5 26. Bxd5 Qe5 27. Qc7 Qxc7 28. Rxc7 Kh8 29. Rd2 f5 30. Kg2 fxe4 31. fxe4 Be5 32. Rxb7 f3+ 33. Kxf3 Bxh2 34. Rxb5 Re5 35. Rc2 Rf8+ 36. Kg2 Bf4 37. Rbc5 Rg5+ 38. Kf1 Be5 39. Rc8 Rxc8 40. Rxc8+ Kg7 41. b4 h5 42. Be6 Bb2 43. a4 Re5 44. Bd5 h4 45. Kg2 Rg5+ 46. Kh3 Bd4 47. Kxh4 Rg1 48. Rc2 Kh6 49. Kh3 Be5 50. a5 Kg5 51. Ra2 Kh5 52. Bf7 Kh6 53. a6 g5 54. Be6 Kh5 55. a7 Rh1+ 56. Kg2 Rh2+ 57. Kg1 Kh4 58. a8Q 1-0

[Event "IND-chB (Women) 38th"]
[Site "Chennai"]
[Date "2011.07.02"]
[Round "1"]
[White "Saughanthika, AS."]
[Black "Shristi, J Shetty"]
[Result "0-1"]
[WhiteElo "1513"]
[BlackElo "1927"]
[PlyCount "60"]
[EventDate "2011.07.02"]
[EventType "swiss"]
[EventRounds "11"]
[EventCountry "IND"]
[SourceTitle "CBM 143 Extra"]
[Source "ChessBase"]
[SourceDate "2011.08.29"]
[SourceVersion "1"]
[SourceVersionDate "2011.08.29"]
[SourceQuality "1"]

1. e4 c5 2. c3 d5 3. exd5 Qxd5 4. d4 Nf6 5. Nf3 Bg4 6. Be2 e6 7. 0-0 Nc6 8. Be3 cxd4 9. cxd4 Be7 10. Nc3 Qd6 11. h3 Bh5 12. a3 a6 13. Qd2 Nd5 14. Ne4 Qb8 15. Rac1 0-0 16. Nc5 Rd8 17. Nh2 Bxe2 18. Qxe2 Qa7 19. Nf3 Rac8 20. Rfd1 a5 21. Rc2 h6 22. Rdc1 Nxe3 23. fxe3 e5 24. Qc4 exd4 25. exd4 Nxd4 26. Nxd4 Rxc5 27. Qd3 Rxc2 28. Rxc2 Rxd4 29. Rc8+ Rd8+ 30. Kh1 Rxc8 0-1